| 000 | 00541nam a2200169 i 4500 | ||
|---|---|---|---|
| 001 | 90083 | ||
| 003 | ES-MaACL | ||
| 005 | 20250910063110.0 | ||
| 007 | t| | ||
| 008 | 050118m19021903sp ||||1| spa d | ||
| 100 | 1 |
_aLazúrtegui, Julio de, _d1859-1943 _970825 |
|
| 245 | 1 | 3 |
_aUn modelo para España _b: (cartas alemanas) / _cJulio de Lazúrtegui. |
| 260 |
_aBilbao : _bRevista Bilbao, Mercantil, Minera, Industrial y Marítima, _c1902-1903. |
||
| 300 |
_a349 p. ; _c24 cm. |
||
| 852 |
_aES-MaACL _jF-10475 |
||
| 999 |
_c90083 _d90083 |
||